| 000 | 01681nam a2200301 i 4500 | ||
|---|---|---|---|
| 003 | peliumch | ||
| 005 | 20260309162805.0 | ||
| 007 | ta | ||
| 008 | 260309b |||||||| |||| 00| 0 eng d | ||
| 020 | _a9789561429192 | ||
| 040 |
_aUMCH _bspa _cUMCH _djmr _erda |
||
| 041 | 0 | _aspa | |
| 043 | _as-pe--- | ||
| 082 | _a378.85/B297 | ||
| 100 | 1 |
_aFernando Bas, Margarita Guarello _eeditores |
|
| 245 |
_aPrácticas docentes en educación continua universitaria : _breflexiones sobre metodologías aplicadas / _cFernando Bas, Margarita Guarello, Editores |
||
| 264 | 1 |
_aChile ; _bEdiciones UC _c2021 |
|
| 264 | 4 | _c©2021 | |
| 300 |
_a520 páginas ; _c17 x 24 cm |
||
| 505 | 0 |
_g1: _tMetodologías y prácticas para la educación en línea-- _g2: _tSimulaciones como herramienta metodologíca-- _g3: _tEnriquecimiento del que hacer pedagógico de profesores-- _g4: _tHerramientas y plataformas-- _g5: _tMetodologías de enseñañza-- _g6: _tModelos educativos. |
|
| 520 | _aEste libro recopila el trabajo de 24 docentes e investigadores, quienes desde diversas disciplinas entregan sus experiencias, propuestas metodológicas, recursos de aprendizaje y bibliografía actualizada para que lectores y lectoras puedan reflexionar acerca de sus propias prácticas docentes. La publicación surgió de múltiples conversaciones, encuentros, seminarios y, sobre todo, de la necesidad de compartir prácticas y metodologías en el ámbito de la educación continua. | ||
| 521 | _aRecomendado para un público en general. | ||
| 942 |
_2ddc _cLIB _n0 |
||
| 999 |
_c53691 _d53691 |
||